| 000 | 02046nam a2200325 i 4500 | ||
|---|---|---|---|
| 003 | DO-SdBNP | ||
| 005 | 20260224132627.0 | ||
| 007 | ta | ||
| 008 | 260224e2025 dr fr|p|r||||||0| | spa d | ||
| 022 | _a3117-2628 | ||
| 022 | _a-e: 3117-2636 | ||
| 040 |
_aDO-SdBNP _bspa _cBNPHU _erda |
||
| 041 | _aspa | ||
| 110 |
_aSociedad Dominicana de Urología (SDU) _989079 |
||
| 222 | _aRevista Científica | ||
| 245 | _aRevista Científica de la Sociedad Dominicana de Urología (SDU). | ||
| 264 |
_aSanto Domingo, República Dominicana : _bSociedad Dominicana de Urología (SDU), _c2025. |
||
| 300 |
_avolumen : _bilustraciones, fotografías, gráficas ; _c27 cm. |
||
| 310 | _aSemestral. | ||
| 336 |
_atexto _btxt _2rdacontent |
||
| 337 |
_asin mediación _bn _2rdamedia |
||
| 338 |
_avolumen _bnc _2rdacarrier |
||
| 362 | _aVolumen 1. Número 1, julio-diciembre 2025. | ||
| 500 | _aCatalogación basada en el: Volumen 1. Número 1, julio-diciembre 2025. | ||
| 520 | _aLa Revista Científica de la Sociedad Dominicana de Urología (SDU) es una publicación oficial de investigación científica en urología, lanzada en 2025. Esta revista, de acceso abierto y revisada por pares, tiene como objetivo compartir conocimiento científico con la comunidad urológica nacional e internacional. La primera edición incluye trabajos sobre técnicas de nefroureterectomía radical, análisis de cálculos renales, trasplante renal y casos poco frecuentes como carcinoma de células escamosas de riñón o metástasis penianas derivadas de cáncer de próstata. La SDU invita a urólogos, residentes y profesionales de la salud a preparar sus manuscritos para futuras ediciones, contribuyendo al progreso médico en República Dominicana y la región. | ||
| 650 | 0 |
_aUrología _vPublicaciones periódicas _zRepública Dominicana _989080 |
|
| 650 | 0 |
_aCáncer de próstata _vPublicaciones periódicas _zRepública Dominicana _989081 |
|
| 650 | 0 |
_aEnfermedades renales _vPublicaciones periódicas _zRepública Dominicana _918208 |
|
| 942 |
_2ddc _cISSUE |
||
| 999 |
_c60387 _d60387 |
||